[Event "75th ARM-ch Women 2020"]
[Site "Yerevan"]
[Date "2020.01.19"]
[Round "8.2"]
[White "Gaboyan, Susanna"]
[Black "Khachatryan, Veronika"]
[Result "1-0"]
[WhiteElo "2205"]
[BlackElo "1905"]
[Annotator "ChessBase"]
[PlyCount "129"]
[EventDate "2020.01.12"]
[EventType "tourn"]
[EventCountry "ARM"]
[SourceTitle "playchess.com"]
[Source "ChessBase"]
[SourceQuality "1"]
[TimeControl "40/5400+30:1800+30"]

1. Nf3 {[%emt 0:00:59]} Nf6 {[%emt 0:00:00]} 2. g3 {[%emt 0:00:06]} g6 {[%emt 0:00:00]} 3. Bg2 {[%emt 0:00:06]} Bg7 {[%emt 0:00:10]} 4. O-O {[%emt 0:00:07]} O-O {[%emt 0:00:03]} 5. d3 {[%emt 0:00:17]} c5 {[%emt 0:00:26]} 6. e4 {[%emt 0:00:07]} d6 {[%emt 0:01:02]} 7. Nbd2 {[%emt 0:01:47]} Nc6 {[%emt 0:00:23]} 8. a4 {[%emt 0:02:27]} Rb8 {[%emt 0:01:03]} 9. Nc4 {[%emt 0:00:32]} b6 {[%emt 0:13:30]} 10. e5 {[%emt 0:02:05]} Ng4 {[%emt 0:05:07]} 11. exd6 {[%emt 0:09:10]} exd6 {[%emt 0:00:09]} 12. Re1 {[%emt 0:07:53]} d5 {[%emt 0:09:23]} 13. Na3 {[%emt 0:03:48]} Be6 {[%emt 0:02:53]} 14. c3 {[%emt 0:09:10]} Rc8 {[%emt 0:17:51]} 15. Bf4 {[%emt 0:01:42]} a6 {[%emt 0:01:22]} 16. h3 {[%emt 0:07:23]} Nf6 {[%emt 0:00:21]} 17. d4 {[%emt 0:00:16]} Ne4 {[%emt 0:08:27]} 18. Nc2 {[%emt 0:01:05]} Qd7 {[%emt 0:02:21]} 19. g4 {[%emt 0:17:35]} h5 {[%emt 0:03:54]} 20. Ne5 {[%emt 0:03:14]} Nxe5 {[%emt 0:00:41]} 21. dxe5 {[%emt 0:00:02]} hxg4 {[%emt 0:04:02]} 22. hxg4 {[%emt 0:00:02]} f6 {[%emt 0:05:29]} 23. Bxe4 {[%emt 0:03:19]} dxe4 {[%emt 0:04:02]} 24. Qxd7 {[%emt 0:02:53]} Bxd7 {[%emt 0:00:01]} 25. Ne3 {[%emt 0:04:22]} fxe5 {[%emt 0:01:00]} 26. Bg3 {[%emt 0:00:33]} Be6 {[%emt 0:02:34]} 27. Red1 {[%emt 0:02:25]} Rcd8 {[%emt 0:00:23]} 28. Bh4 {[%emt 0:00:20]} Rd3 {[%emt 0:03:58]} 29. Be7 {[%emt 0:03:30]} Re8 {[%emt 0:02:35]} 30. Bg5 {[%emt 0:00:07]} Bb3 {[%emt 0:01:02]} 31. Re1 {[%emt 0:00:18]} Kf7 {[%emt 0:03:47]} 32. c4 {[%emt 0:01:09]} Re6 {[%emt 0:04:31]} 33. a5 {[%emt 0:01:38]} Bf8 {[%emt 0:01:07]} 34. axb6 {[%emt 0:04:19]} Rxb6 {[%emt 0:00:01]} 35. Ra5 {[%emt 0:00:10]} Rd4 {[%emt 0:01:22]} 36. Rc1 {[%emt 0:01:01]} Ke6 {[%emt 0:01:39]} 37. Ra3 {[%emt 0:01:24]} Rd3 {[%emt 0:00:45]} 38. Rca1 {[%emt 0:01:35]} Rdd6 {[%emt 0:00:55]} 39. Kf1 {[%emt 0:01:35]} Kd7 {[%emt 0:00:26]} 40. Kg2 {[%emt 0:00:00]} Kc8 {[%emt 0:00:00]} 41. Rh1 {[%emt 0:05:26]} Rb8 {[%emt 0:21:09]} 42. Rh8 {[%emt 0:01:40]} Kd7 {[%emt 0:01:18]} 43. Bh6 {[%emt 0:03:28]} Bxh6 {[%emt 0:05:29]} 44. Rxb8 {[%emt 0:00:09]} Bxe3 {[%emt 0:00:05]} 45. Raxb3 {[%emt 0:02:45]} Bf4 {[%emt 0:00:50]} 46. R3b7+ {[%emt 0:00:46]} Ke6 {[%emt 0:00:15]} 47. Rb6 {[%emt 0:00:12]} g5 {[%emt 0:00:29]} 48. Rxd6+ {[%emt 0:00:33]} Kxd6 {[%emt 0:00:01]} 49. Rb6+ {[%emt 0:00:08]} Kc7 {[%emt 0:00:10]} 50. Rxa6 {[%emt 0:00:05]} Kb7 {[%emt 0:00:09]} 51. Rd6 {[%emt 0:01:08]} Kc7 {[%emt 0:01:08]} 52. Rh6 {[%emt 0:00:38]} Kd7 {[%emt 0:01:49]} 53. Kf1 {[%emt 0:00:19]} Kc7 {[%emt 0:00:38]} 54. Ke2 {[%emt 0:00:22]} Kd7 {[%emt 0:00:24]} 55. Kd1 {[%emt 0:00:23]} Kc7 {[%emt 0:00:09]} 56. Kc2 {[%emt 0:00:06]} Kd7 {[%emt 0:00:07]} 57. Rh1 {[%emt 0:00:07]} e3 {[%emt 0:02:05]} 58. fxe3 {[%emt 0:00:21]} Bxe3 {[%emt 0:00:01]} 59. Kd3 {[%emt 0:00:14]} Bd4 {[%emt 0:00:13]} 60. b3 {[%emt 0:00:10]} Ke6 {[%emt 0:00:39]} 61. Rh6+ {[%emt 0:00:05]} Kf7 {[%emt 0:00:04]} 62. Ke4 {[%emt 0:00:05]} Kg7 {[%emt 0:00:25]} 63. Rc6 {[%emt 0:00:06]} Kf7 {[%emt 0:00:04]} 64. Kf5 {[%emt 0:00:23]} Ke7 {[%emt 0:00:13]} 65. Rg6 {[%emt 0:00:31]} 1-0

[Event "75th ARM-ch Women 2020"]
[Site "Yerevan"]
[Date "2020.01.19"]
[Round "8.3"]
[White "Khachatryan, Anna"]
[Black "Gevorgyan, Maria"]
[Result "0-1"]
[WhiteElo "2051"]
[BlackElo "2187"]
[Annotator "ChessBase"]
[PlyCount "96"]
[EventDate "2020.01.12"]
[EventType "tourn"]
[EventCountry "ARM"]
[SourceTitle "playchess.com"]
[Source "ChessBase"]
[SourceQuality "1"]
[TimeControl "40/5400+30:1800+30"]

1. e4 {[%emt 0:00:00]} e5 {[%emt 0:02:23]} 2. Nf3 {[%emt 0:00:00]} Nc6 {[%emt 0:00:12]} 3. d4 {[%emt 0:00:18]} exd4 {[%emt 0:00:07]} 4. Nxd4 {[%emt 0:00:02]} Nf6 {[%emt 0:00:06]} 5. Nxc6 {[%emt 0:00:07]} bxc6 {[%emt 0:00:06]} 6. e5 {[%emt 0:00:02]} Qe7 {[%emt 0:00:06]} 7. Qe2 {[%emt 0:00:03]} Nd5 {[%emt 0:00:05]} 8. h4 {[%emt 0:00:38]} a5 {[%emt 0:00:24]} 9. c4 {[%emt 0:21:02]} Ba6 {[%emt 0:00:10]} 10. Nd2 {[%emt 0:00:09]} Nb6 {[%emt 0:19:02]} 11. Qe4 {[%emt 0:12:13]} Qe6 {[%emt 0:05:04]} 12. a3 {[%emt 0:17:08]} d5 {[%emt 0:07:28]} 13. exd6 {[%emt 0:03:23]} Qxe4+ {[%emt 0:00:11]} 14. Nxe4 {[%emt 0:00:05]} cxd6 {[%emt 0:02:21]} 15. Bf4 {[%emt 0:12:47]} Nxc4 {[%emt 0:30:50]} 16. Bxc4 {[%emt 0:00:18]} Bxc4 {[%emt 0:00:03]} 17. Nxd6+ {[%emt 0:00:14]} Bxd6 {[%emt 0:00:05]} 18. Bxd6 {[%emt 0:00:03]} O-O-O {[%emt 0:00:07]} 19. O-O-O {[%emt 0:02:32]} Bb3 {[%emt 0:05:03]} 20. Rd2 {[%emt 0:11:34]} Rhe8 {[%emt 0:02:18]} 21. Bc5 {[%emt 0:02:34]} a4 {[%emt 0:05:08]} 22. Bb6 {[%emt 0:01:22]} Rd5 {[%emt 0:00:07]} 23. Be3 {[%emt 0:12:15]} Rde5 {[%emt 0:00:58]} 24. Rd3 {[%emt 0:01:30]} Rb5 {[%emt 0:03:58]} 25. Re1 {[%emt 0:01:19]} Re4 {[%emt 0:01:39]} 26. g3 {[%emt 0:00:24]} Rc4+ {[%emt 0:01:39]} 27. Rc3 {[%emt 0:00:01]} Rxc3+ {[%emt 0:00:06]} 28. bxc3 {[%emt 0:00:02]} Be6 {[%emt 0:00:06]} 29. Kd2 {[%emt 0:00:23]} Kd7 {[%emt 0:04:05]} 30. Kd3 {[%emt 0:00:31]} c5 {[%emt 0:00:18]} 31. Bc1 {[%emt 0:01:52]} Kc6 {[%emt 0:01:44]} 32. Ke4 {[%emt 0:00:30]} Rb3 {[%emt 0:00:46]} 33. Kd3 {[%emt 0:00:16]} Rb7 {[%emt 0:01:25]} 34. Kd2 {[%emt 0:00:42]} Kd5 {[%emt 0:00:45]} 35. Re3 {[%emt 0:00:26]} Bf5 {[%emt 0:00:49]} 36. Rf3 {[%emt 0:00:35]} Be4 {[%emt 0:02:51]} 37. c4+ {[%emt 0:00:24]} Kd4 {[%emt 0:04:21]} 38. Rf4 {[%emt 0:00:29]} Ke5 {[%emt 0:00:01]} 39. f3 {[%emt 0:00:20]} Bf5 {[%emt 0:00:01]} 40. Ke2 {[%emt 0:00:00]} f6 {[%emt 0:00:00]} 41. g4 {[%emt 0:01:54]} Bc2 {[%emt 0:04:29]} 42. Kf2 {[%emt 0:16:16]} g6 {[%emt 0:11:25]} 43. Be3 {[%emt 0:02:19]} h6 {[%emt 0:05:11]} 44. Bxc5 {[%emt 0:03:34]} Rd7 {[%emt 0:00:07]} 45. Be3 {[%emt 0:06:17]} g5 {[%emt 0:00:07]} 46. hxg5 {[%emt 0:00:02]} hxg5 {[%emt 0:00:04]} 47. Rf5+ {[%emt 0:00:10]} Bxf5 {[%emt 0:00:05]} 48. gxf5 {[%emt 0:00:02]} Rd3 {[%emt 0:00:29]} 0-1

[Event "75th ARM-ch Women 2020"]
[Site "Yerevan"]
[Date "2020.01.19"]
[Round "8.4"]
[White "Hakobyan, Astghik"]
[Black "Arakelyan, Nare"]
[Result "0-1"]
[WhiteElo "1917"]
[BlackElo "1913"]
[Annotator "NA"]
[PlyCount "124"]
[EventDate "2020.01.12"]
[EventType "tourn"]
[EventCountry "ARM"]
[SourceTitle "playchess.com"]
[Source "ChessBase"]
[SourceQuality "1"]
[TimeControl "40/5400+30:1800+30"]

1. e4 {[%emt 0:00:00]} c5 {[%emt 0:00:00]} 2. Nf3 {[%emt 0:00:00]} d6 {[%emt 0:00:00]} 3. Nc3 {[%emt 0:00:00]} a6 {[%emt 0:00:00]} 4. d4 {[%emt 0:00:02]} cxd4 {[%emt 0:00:00]} 5. Nxd4 {[%emt 0:00:07]} Nf6 {[%emt 0:00:00]} 6. Be3 {[%emt 0:00:26]} Ng4 {[%emt 0:00:02]} 7. Bc1 {[%emt 0:01:46]} Nf6 {[%emt 0:00:07]} 8. f3 {[%emt 0:00:31]} Qb6 {[%emt 0:00:05]} 9. Be3 {[%emt 0:16:00]} Qxb2 {[%emt 0:01:37]} 10. Na4 {[%emt 0:04:54]} Qb4+ {[%emt 0:02:27]} 11. c3 {[%emt 0:00:06]} Qa5 {[%emt 0:00:07]} 12. Rb1 {[%emt 0:07:44]} Nbd7 {[%emt 0:02:42]} 13. Qc2 {[%emt 0:21:56]} g6 {[%emt 0:02:11]} 14. Bd3 {[%emt 0:01:40]} Bg7 {[%emt 0:00:47]} 15. O-O {[%emt 0:00:42]} O-O {[%emt 0:00:07]} 16. c4 {[%emt 0:01:51]} Rb8 {[%emt 0:09:26]} 17. Rfd1 {[%emt 0:05:16]} Qc7 {[%emt 0:03:39]} 18. Qf2 {[%emt 0:12:02]} Ne5 {[%emt 0:05:15]} 19. Nb6 {[%emt 0:01:29]} Nxd3 {[%emt 0:00:09]} 20. Rxd3 {[%emt 0:00:01]} Re8 {[%emt 0:04:50]} 21. Rdb3 {[%emt 0:04:36]} e6 {[%emt 0:08:38]} 22. Ne2 {[%emt 0:05:21]} Nd7 {[%emt 0:02:36]} 23. Nxc8 {[%emt 0:01:22]} Rexc8 {[%emt 0:00:10]} 24. Ba7 {[%emt 0:00:17]} Ra8 {[%emt 0:02:03]} 25. Rxb7 {[%emt 0:00:02]} Qd8 {[%emt 0:00:18]} 26. Rd1 {[%emt 0:02:55]} Rc7 {[%emt 0:04:07]} 27. Bb6 {[%emt 0:00:33]} Nxb6 {[%emt 0:00:36]} 28. Rxb6 {[%emt 0:00:12]} Rxc4 {[%emt 0:01:09]} 29. Rbxd6 {[%emt 0:00:09]} Qa5 {[%emt 0:00:13]} 30. Nc1 {[%emt 0:02:26]} Qc7 {[%emt 0:04:10]} 31. Nb3 {[%emt 0:01:36]} Be5 {[%emt 0:00:18]} 32. Rd7 {[%emt 0:00:52]} Bxh2+ {[%emt 0:00:04]} 33. Kh1 {[%emt 0:02:22]} Qe5 {[%emt 0:00:14]} 34. Qh4 {[%emt 0:03:29]} Bf4 {[%emt 0:02:06]} 35. Nd2 {[%emt 0:02:28]} Rc2 {[%emt 0:00:51]} 36. Nf1 {[%emt 0:00:08]} Rxa2 {[%emt 0:01:07]} 37. Rxf7 {[%emt 0:01:19]} Bh6 {[%emt 0:02:49]} 38. Rfd7 {[%emt 0:01:44]} Qg5 {[%emt 0:01:38]} 39. Qh3 {[%emt 0:00:23]} Re8 {[%emt 0:00:33]} 40. Nh2 {[%emt 0:00:00]} Bg7 {[%emt 0:00:00]} 41. R7d6 {[%emt 0:13:11]} Kf7 {[%emt 0:03:57]} 42. Rf1 {[%emt 0:06:11]} Qf4 {[%emt 0:08:22]} 43. Rd7+ {[%emt 0:00:11]} Kg8 {[%emt 0:00:04]} 44. Ng4 {[%emt 0:01:49]} Ra5 {[%emt 0:04:47]} 45. e5 {[%emt 0:00:28]} h5 {[%emt 0:00:17]} 46. Nf2 {[%emt 0:03:14]} Qxe5 {[%emt 0:01:07]} 47. Ne4 {[%emt 0:04:06]} Ra1 {[%emt 0:00:53]} 48. Rdd1 {[%emt 0:00:50]} Rxd1 {[%emt 0:00:21]} 49. Rxd1 {[%emt 0:00:00]} a5 {[%emt 0:00:36]} 50. Qh4 {[%emt 0:00:30]} a4 {[%emt 0:13:40]} 51. Rd8 {[%emt 0:04:09]} Kf8 {[%emt 0:00:38]} 52. Rd3 {[%emt 0:01:36]} Qa1+ {[%emt 0:00:38]} 53. Kh2 {[%emt 0:00:01]} a3 {[%emt 0:07:02]} 54. Nd6 {[%emt 0:00:53]} Be5+ {[%emt 0:09:27]} 55. g3 {[%emt 0:00:54]} Qb2+ {[%emt 0:01:13]} 56. Kh3 {[%emt 0:00:04]} Qb1 {[%emt 0:00:34]} 57. Rd2 {[%emt 0:00:43]} Bxd6 {[%emt 0:00:19]} 58. Qf6+ {[%emt 0:00:25]} Kg8 {[%emt 0:00:08]} 59. Kg2 {[%emt 0:00:22]} Bf8 {[%emt 0:01:24]} 60. g4 {[%emt 0:00:59]} hxg4 {[%emt 0:00:19]} 61. fxg4 {[%emt 0:00:12]} Qe4+ {[%emt 0:00:04]} 62. Kh3 {[%emt 0:00:20]} Qe3+ {[%emt 0:00:16]} 0-1

[Event "75th ARM-ch Women 2020"]
[Site "Yerevan"]
[Date "2020.01.19"]
[Round "8.5"]
[White "Ambarjyan, Tereza"]
[Black "Kursova, Maria"]
[Result "0-1"]
[WhiteElo "1514"]
[BlackElo "2241"]
[Annotator "ChessBase"]
[PlyCount "88"]
[EventDate "2020.01.12"]
[EventType "tourn"]
[EventCountry "ARM"]
[SourceTitle "playchess.com"]
[Source "ChessBase"]
[SourceQuality "1"]
[TimeControl "40/5400+30:1800+30"]

1. d4 {[%emt 0:00:00]} Nf6 {[%emt 0:00:00]} 2. c4 {[%emt 0:00:00]} e6 {[%emt 0:00:00]} 3. Nf3 {[%emt 0:00:10]} b6 {[%emt 0:00:06]} 4. Bf4 {[%emt 0:05:36]} Bb7 {[%emt 0:02:54]} 5. e3 {[%emt 0:03:44]} Bb4+ {[%emt 0:30:13]} 6. Nc3 {[%emt 0:10:23]} Ne4 {[%emt 0:05:44]} 7. Rc1 {[%emt 0:13:08]} O-O {[%emt 0:11:33]} 8. Bd3 {[%emt 0:06:02]} Bxc3+ {[%emt 0:02:41]} 9. bxc3 {[%emt 0:00:30]} d6 {[%emt 0:00:52]} 10. O-O {[%emt 0:05:25]} Nd7 {[%emt 0:01:33]} 11. h3 {[%emt 0:01:02]} Qe7 {[%emt 0:03:30]} 12. Bh2 {[%emt 0:04:46]} f5 {[%emt 0:02:54]} 13. Nd2 {[%emt 0:07:34]} Nxd2 {[%emt 0:12:51]} 14. Qxd2 {[%emt 0:00:46]} Rf6 {[%emt 0:02:09]} 15. f3 {[%emt 0:01:07]} e5 {[%emt 0:01:05]} 16. Rce1 {[%emt 0:02:09]} Raf8 {[%emt 0:02:45]} 17. Qc2 {[%emt 0:04:54]} Kh8 {[%emt 0:01:49]} 18. Kh1 {[%emt 0:10:08]} a5 {[%emt 0:03:03]} 19. Qf2 {[%emt 0:02:47]} Qf7 {[%emt 0:02:24]} 20. Qc2 {[%emt 0:10:24]} Ba6 {[%emt 0:02:45]} 21. Qa4 {[%emt 0:02:27]} Qe7 {[%emt 0:01:13]} 22. Kg1 {[%emt 0:00:40]} Re8 {[%emt 0:04:02]} 23. Bg3 {[%emt 0:03:23]} Qf7 {[%emt 0:01:04]} 24. f4 {[%emt 0:01:04]} Rg6 {[%emt 0:02:15]} 25. Bh2 {[%emt 0:02:52]} Bb7 {[%emt 0:01:40]} 26. d5 {[%emt 0:00:31]} e4 {[%emt 0:00:26]} 27. Be2 {[%emt 0:00:30]} Rh6 {[%emt 0:00:07]} 28. Kh1 {[%emt 0:01:11]} Nc5 {[%emt 0:00:20]} 29. Qd1 {[%emt 0:00:11]} Ba6 {[%emt 0:00:35]} 30. Rg1 {[%emt 0:00:27]} Qf6 {[%emt 0:01:32]} 31. Qc2 {[%emt 0:00:30]} Rf8 {[%emt 0:00:46]} 32. Rc1 {[%emt 0:00:18]} Qh4 {[%emt 0:00:25]} 33. Qd2 {[%emt 0:00:37]} Re8 {[%emt 0:00:33]} 34. Rcf1 {[%emt 0:00:28]} Rf6 {[%emt 0:00:21]} 35. Qd1 {[%emt 0:00:25]} Rh6 {[%emt 0:00:19]} 36. Qd2 {[%emt 0:00:17]} Re7 {[%emt 0:00:23]} 37. Qd1 {[%emt 0:00:11]} Qf6 {[%emt 0:00:23]} 38. Qd2 {[%emt 0:00:07]} Qf7 {[%emt 0:01:02]} 39. Rd1 {[%emt 0:01:05]} Qe8 {[%emt 0:00:28]} 40. Qd4 {[%emt 0:00:00]} Nd3 {[%emt 0:00:00]} 41. Bxd3 {[%emt 0:06:22]} exd3 {[%emt 0:00:38]} 42. Qxd3 {[%emt 0:00:26]} Rxe3 {[%emt 0:06:55]} 43. Qxf5 {[%emt 0:08:45]} Bxc4 {[%emt 0:00:41]} 44. Qg5 {[%emt 0:05:34]} Rh5 {[%emt 0:01:38]} 0-1

[Event "75th ARM-ch Women 2020"]
[Site "Yerevan"]
[Date "2020.01.20"]
[Round "9.1"]
[White "Khachatryan, Veronika"]
[Black "Avetisyan, Mariam"]
[Result "1/2-1/2"]
[WhiteElo "1905"]
[BlackElo "2163"]
[Annotator "TA"]
[PlyCount "66"]
[EventDate "2020.01.12"]
[EventType "tourn"]
[EventCountry "ARM"]
[SourceTitle "playchess.com"]
[Source "ChessBase"]
[SourceQuality "1"]

{[%evp 9,66,68,75,58,83,39,74,71,62,51,68,56,100,97,96,107,96,102,104,11,33,0,77,53,56,54,55,27,27,16,27,27,27,28,50,44,35,35,53,0,0,0,0,0,0,0,3,-143,-122,-139,-164,-172,-120,-97,0,-165,0,-92,0]} 1. c4 e6 2. Nc3 Nf6 3. e4 d6 4. d4 Nbd7 5. Nf3 e5 (5... c5 6. d5 Be7 7. Be2 O-O 8. O-O Ne8 9. Be3 Bf6 10. Qd2 Bxc3 11. Qxc3 Qf6 12. Qd2 h6 13. Rac1 {1-0 (67) Wagner,D (2578)-Nielsen,R (2387) Sitges 2019}) 6. d5 {A18: English Opening: Flohr-Mikenas System (1 c4 Nf6 2 Nc3 e6 3 e4)} g6 7. h3 $146 ({Predecessor:} 7. Be2 Bg7 8. O-O O-O 9. h3 h6 10. Be3 a6 11. b4 b6 12. Rb1 Rb8 13. Qc2 {1-0 (36) Garcia Claro,K (2080)-Gallegos Cruz,R (1687) San Cristobal 2016}) 7... Bg7 8. Be3 {White is better.} a5 9. Be2 O-O 10. g4 b6 11. Nd2 $1 Nc5 12. h4 Ne8 13. g5 f6 14. gxf6 (14. Qc2 $16) 14... Nxf6 $11 15. h5 Qe8 (15... gxh5 $11 {remains equal.} 16. Bxc5 bxc5) 16. h6 Bh8 17. Rg1 Bd7 18. Qc2 Qc8 19. O-O-O Ng4 20. Bxg4 Bxg4 21. Rde1 Rf7 22. Rg3 Bf6 23. Reg1 Bh5 24. Nf3 (24. Rh1 $14 Kh8 25. f3) 24... Bxf3 25. Rxf3 Qd7 26. Rfg3 Bh4 27. R3g2 $1 Raf8 {White must now prevent ...Bxf2!} 28. Kd1 (28. Kb1 $11 {keeps the balance.}) 28... Qh3 $1 $17 29. Qe2 Rf3 30. Kd2 R8f7 (30... a4 $19 31. Bxc5 bxc5) 31. Kc2 Rf8 (31... a4 $1 $17 32. Qd2 a3 $1 {[%mdl 512]} 33. bxa3 Rf8) 32. Kd2 $19 R8f7 (32... a4 $1 $19 33. Bxc5 bxc5) 33. Kc2 $17 {[#]} Rf8 {Accuracy: White = 52%, Black = 53%.} ({Black should try} 33... a4 $1 $17 34. Kb1 {[#]} a3 $1 {[%mdl 512]}) 1/2-1/2

[Event "75th ARM-ch Women 2020"]
[Site "Yerevan"]
[Date "2020.01.20"]
[Round "9.2"]
[White "Kursova, Maria"]
[Black "Gaboyan, Susanna"]
[Result "1/2-1/2"]
[WhiteElo "2241"]
[BlackElo "2205"]
[Annotator "RC"]
[PlyCount "72"]
[EventDate "2020.01.12"]
[EventType "tourn"]
[EventCountry "ARM"]
[SourceTitle "playchess.com"]
[Source "ChessBase"]
[SourceQuality "1"]
[TimeControl "40/5400+30:1800+30"]

1. Nf3 {[%emt 0:00:00]} Nf6 {[%emt 0:00:08]} 2. c4 {[%emt 0:00:00]} e6 {[%emt 0:01:56]} 3. d4 {[%emt 0:04:49]} d5 {[%emt 0:01:47]} 4. Nc3 {[%emt 0:00:33]} c6 {[%emt 0:01:30]} 5. e3 {[%emt 0:01:10]} Be7 {[%emt 0:02:57]} 6. Bd3 {[%emt 0:11:36]} dxc4 {[%emt 0:07:43]} 7. Bxc4 {[%emt 0:00:15]} b5 {[%emt 0:01:45]} 8. Bd3 {[%emt 0:13:38]} a6 {[%emt 0:01:54]} 9. O-O {[%emt 0:07:13]} c5 {[%emt 0:06:58]} 10. dxc5 {[%emt 0:04:48]} Bxc5 {[%emt 0:01:05]} 11. a3 {[%emt 0:01:54]} O-O {[%emt 0:06:26]} 12. Qe2 {[%emt 0:00:47]} Bb7 {[%emt 0:03:08]} 13. Rd1 {[%emt 0:03:27]} Nbd7 {[%emt 0:03:32]} 14. h3 {[%emt 0:04:07]} Rc8 {[%emt 0:00:59]} 15. e4 {[%emt 0:23:29]} e5 {[%emt 0:04:12]} 16. Bg5 {[%emt 0:01:44]} Qe7 {[%emt 0:04:35]} 17. Nh4 {[%emt 0:03:48]} g6 {[%emt 0:09:21]} 18. a4 {[%emt 0:05:40]} b4 {[%emt 0:05:44]} 19. Nd5 {[%emt 0:00:05]} Bxd5 {[%emt 0:01:51]} 20. exd5 {[%emt 0:00:02]} a5 {[%emt 0:00:11]} 21. Bb5 {[%emt 0:01:37]} Qd6 {[%emt 0:04:07]} 22. Rd2 {[%emt 0:03:47]} Kg7 {[%emt 0:11:02]} 23. Nf3 {[%emt 0:00:03]} e4 {[%emt 0:01:17]} 24. Bxd7 {[%emt 0:00:56]} exf3 {[%emt 0:05:34]} 25. Bxf6+ {[%emt 0:00:41]} Qxf6 {[%emt 0:00:11]} 26. Qxf3 {[%emt 0:00:12]} Qxf3 {[%emt 0:00:10]} 27. gxf3 {[%emt 0:00:02]} Rc7 {[%emt 0:03:09]} 28. Bc6 {[%emt 0:02:02]} Rd8 {[%emt 0:01:25]} 29. Re2 {[%emt 0:01:09]} Re7 {[%emt 0:00:34]} 30. Rae1 {[%emt 0:02:23]} Rxe2 {[%emt 0:01:10]} 31. Rxe2 {[%emt 0:00:01]} Bd6 {[%emt 0:01:46]} 32. Kf1 {[%emt 0:00:50]} Rc8 {[%emt 0:02:25]} 33. b3 {[%emt 0:00:31]} Kf6 {[%emt 0:00:26]} 34. Re4 {[%emt 0:01:17]} h5 {[%emt 0:00:29]} 35. Ke2 {[%emt 0:00:36]} Rc7 {[%emt 0:01:13]} 36. Kd3 {[%emt 0:01:16]} Re7 {[%emt 0:00:19]} 1/2-1/2

[Event "75th ARM-ch Women 2020"]
[Site "Yerevan"]
[Date "2020.01.20"]
[Round "9.3"]
[White "Gevorgyan, Maria"]
[Black "Ambarjyan, Tereza"]
[Result "1-0"]
[WhiteElo "2187"]
[BlackElo "1514"]
[Annotator "TA"]
[PlyCount "79"]
[EventDate "2020.01.12"]
[EventType "tourn"]
[EventCountry "ARM"]
[SourceTitle "playchess.com"]
[Source "ChessBase"]
[SourceQuality "1"]

{[%evp 19,79,-50,-45,-40,125,103,122,129,143,133,125,126,185,175,199,149,158,135,149,148,221,233,233,231,220,216,285,293,285,237,235,237,237,230,263,267,265,247,247,247,391,378,420,420,419,412,413,406,387,388,468,452,503,490,777,806,902,889,796,749,12844,12845]} 1. e4 e6 2. d3 d5 3. Nd2 c5 4. g3 Nc6 5. Bg2 Nf6 6. Ngf3 Be7 7. O-O O-O 8. Re1 b5 9. e5 Nd7 10. Nf1 Bb7 11. h4 {C00: French: Unusual White 2nd moves} f5 $146 {[#]} (11... Qb6 $15 {keeps the upper hand.}) ({Predecessor:} 11... Qc7 12. Bf4 Rfc8 13. Ne3 Qd8 14. Ng4 Bf8 15. Bg5 Qe8 16. c3 h6 17. Bf4 a5 18. Qd2 b4 19. c4 Ne7 20. h5 {1-0 (59) Kuzubov,Y (2699)-Grischuk,A (2772) Riadh 2017}) 12. exf6 $1 $16 Bxf6 13. Rxe6 {White is better.} Nde5 14. Nxe5 Nxe5 15. Qe2 Nf7 (15... Qc7 $16) 16. c3 Re8 {intending ...Qd7.} 17. Rxe8+ Qxe8 18. Qxe8+ Rxe8 19. Be3 Be7 (19... Ne5 $16 {was worth a try.}) 20. a4 bxa4 21. Rxa4 a6 22. Bf4 Bd8 23. Ne3 Ne5 24. Bxe5 ({Don't do} 24. Bxd5+ $6 Bxd5 25. Nxd5 Nxd3 $18) 24... Rxe5 25. d4 cxd4 26. Rxd4 Bb6 27. Bxd5+ Bxd5 28. Rxd5 $18 {[%mdl 4096] Endgame KRB-KRN} Re6 29. Nc4 Bc7 (29... Rf6 $142 30. Rd2 Rc6) 30. Rc5 Bb6 31. Nxb6 Rxb6 {KR-KR} 32. b4 Kf7 33. Kg2 Rd6 34. Kf3 Kf6 35. g4 {White is clearly winning.} h6 36. Kf4 g6 (36... Kf7 $142 37. Rc7+ Kf8) 37. g5+ hxg5+ 38. hxg5+ Ke6 39. Ke4 Kd7 40. Rd5 {Accuracy: White = 100%, Black = 10%.} 1-0